V. I. Lê-Nin toàn tập T.41.
Chủ nghĩa Mác - Lê Nin là một học thuyết quốc tế. Những tư tưởng cao cả của nó đã chỉ ra cho toàn thể nhân loại con đường đi tới tương lai tươi sáng.....
Shranjeno v:
| Glavni avtor: | |
|---|---|
| Format: | Knjiga |
| Jezik: | Vietnamese |
| Izdano: |
Hà Nội :
Sự thật,
1978.
|
| Teme: | |
| Oznake: |
Označite
Brez oznak, prvi označite!
|
| Thư viện lưu trữ: | Mạng thư viện Đại học Đà Nẵng |
|---|
| LEADER | 01045cam a2200337 i 4500 | ||
|---|---|---|---|
| 001 | 000043733 | ||
| 003 | 1779 | ||
| 005 | 20030930151601.0 | ||
| 008 | 010217b1978 vm 000 vie | ||
| 040 | |a IRC |c IRC |d IRC | ||
| 041 | 0 | |a vie | |
| 082 | 1 | 4 | |a 335.402 |b LÊ-N |
| 100 | 1 | |a Lê-Nin, V.I., |d 1870-1924. | |
| 245 | 0 | 0 | |a V. I. Lê-Nin toàn tập |n T.41. |
| 260 | |a Hà Nội : |b Sự thật, |c 1978. | ||
| 300 | |a 844tr. ; |c 20,5cm. | ||
| 520 | 3 | |a Chủ nghĩa Mác - Lê Nin là một học thuyết quốc tế. Những tư tưởng cao cả của nó đã chỉ ra cho toàn thể nhân loại con đường đi tới tương lai tươi sáng..... | |
| 600 | 1 | 5 | |a Lenin, Vladimir Ilich, |d 1870-1924. |
| 630 | 0 | 4 | |a Lê Nin. |
| 630 | 0 | 4 | |a Toàn tập. |
| 650 | 0 | 4 | |a Lenin, Vladimir Ilich, |d 1870-1924. |
| OWN | |a DUT | ||
| 999 | |a From the UDN01 | ||
| TYP | |a Monograph | ||
| TYP | |a Printed language | ||
| 980 | |a Mạng thư viện Đại học Đà Nẵng | ||